Návrh podnikateľského plánu podniku KRISTIMEX s. r. o.(The draft of business plan of company Kristimex, LTD)[CD-ROM] : bakalárska práca

Salvato in:
Dettagli Bibliografici
Autore principale: Krištofovičová, Katarína, 1986- (Autore)
Altri autori: Ščepka, Igor, 1946- (xxx)
Natura: Manoscritto Libro
Lingua:slovacco
Pubblicazione: Bratislava : STU v Bratislave SjF, 2009
Edizione:1.vyd
Soggetti:
Tags: Aggiungi Tag
Nessun Tag, puoi essere il primo ad aggiungerne!!

MARC

LEADER 00000ntm a22000003a 4500
001 stu198548
005 20150617230037.1
008 100120s2009----xo------------------slo-d
040 |a STU  |b slo 
041 0 |a slo 
044 |a xo 
100 1 |a Krištofovičová, Katarína,  |d 1986-  |4 aut  |u J0070  |9 100  |U SjF Strojnícka fakulta  |T SjF Ústav výrobných systémov, enviromentálnej techniky a manažment kvality  |X 41309  |U J0070  |Y 804  |7 A000041309 
245 1 |a Návrh podnikateľského plánu podniku KRISTIMEX s. r. o.(The draft of business plan of company Kristimex, LTD)[CD-ROM] :  |b bakalárska práca 
250 |a 1.vyd 
260 |a Bratislava :  |b STU v Bratislave SjF,  |c 2009 
300 |a 49 s 
650 7 |a podnikateľský plán  |2 stusub 
650 7 |a nákladné vozidlá  |2 stusub 
650 7 |a trucks  |2 estusub 
650 7 |a client, strategy  |2 estusub 
700 1 |a Ščepka, Igor,  |d 1946-  |4 xxx  |u J0070  |U SjF Strojnícka fakulta  |T SjF Ústav výrobných systémov, enviromentálnej techniky a manažment kvality  |X 2466  |U J0070  |Y 804  |7 A000002466 
996 |b 284J035851  |c J*461/BP  |l JJSK  |s A  |a 24  |w stu198548_0001